|
|
|
|
| LEADER |
00000nab a2200000 a 4500 |
| 001 |
vtls010284415 |
| 003 |
SK-MaSNL |
| 005 |
20260426091737.0 |
| 008 |
250708 2011 xo m 000 0 slo |
| 015 |
|
|
|a SNBRB2011/06
|2 lmaosk
|
| 035 |
|
|
|a urn:nbn:sk:snk-ab83f0
|
| 035 |
|
|
|a (urnnbn)urn:nbn:sk:snk:ar-0067kl
|
| 035 |
|
|
|a (uuid)32a11cce-4ba8-4a66-9b2c-79447ba4c523
|
| 040 |
|
|
|a SNKBUCL
|b slo
|c SNKBUCL
|e AACR2
|
| 041 |
0 |
|
|a slo
|
| 044 |
|
|
|a xo
|c SK
|
| 080 |
|
|
|a 34
|2 1981
|
| 080 |
|
|
|a 354
|2 1981
|
| 080 |
|
|
|a (437.6)
|2 1981
|
| 100 |
1 |
|
|a Szalai, Tomáš,
|c pplk.
|4 aut
|9 1312721
|
| 245 |
1 |
0 |
|a Zmeny v trvaní dočasnej štátnej služby
|c Tomáš Szalai
|
| 610 |
1 |
7 |
|a Slovensko.
|b Ozbrojené sily
|2 SNKPH
|9 88133
|
| 650 |
0 |
7 |
|a štátna služba
|2 lmaosk
|9 1541
|
| 650 |
0 |
7 |
|a štátna služba
|x dočasná štátna služba
|x zmeny
|z Slovensko
|2 lmaosk
|9 1515369
|
| 650 |
0 |
7 |
|a profesionálni vojaci
|2 lmaosk
|9 57087
|
| 651 |
|
7 |
|a Slovensko
|2 lmaosk
|9 14231
|
| 773 |
0 |
|
|t Obrana
|g Roč. XIX, č. 5 (2011), s. 44
|x 1336-1910
|
| 850 |
|
|
|a Slovenská národná knižnica
|
| 852 |
|
|
|a Slovenská národná knižnica
|
| 856 |
4 |
1 |
|u http://www.mosr.sk/data/files/2423.pdf
|
| 954 |
|
|
|a odborná, vedecká literatúra pôvodná (slovenská)
|2 lita
|
| 958 |
|
|
|a article9
|
| 958 |
|
|
|a NB
|
| 958 |
|
|
|a OND
|
| 958 |
|
|
|a EUIPO
|
| 999 |
|
|
|c 3034894
|d 3036824
|